Science Quiz

Random Science Quiz

Amino Acid Derivatives Quiz Stats

 Plays Quiz not verified by Sporcle

Score 0/17 Timer 15:00
0 Plays Today
Derivative Answer % Correct
GABAGlutamate
94.7%
TyrosinePhenylalanine
93.7%
HistamineHistidine
92.6%
DopaminePhenylalanine
91.6%
SerotoninTryptophan
91.6%
EpinephrinePhenylalanine
90.5%
NorepinephrinePhenylalanine
90.5%
Nitric OxideArginine
89.5%
NAD+/NADP+Tryptophan
88.4%
Derivative Answer % Correct
MelatoninTryptophan
88.4%
HemeGlycine
88.4%
UreaArginine
88.4%
NiacinTryptophan
87.4%
CreatinineArginine
87.4%
GlutathioneGlutamate
87.4%
MelaninPhenylalanine
86.3%
ThyroxinePhenylalanine
84.2%

You're not logged in!

Compare scores with friends on all Sporcle quizzes.
OR
Log In

Show Comments

Extras

Created Feb 6, 2014ReportNominate
Tags:acid, amino, derivative, extra

Top Quizzes Today


Score Distribution

Your Account Isn't Verified!

In order to create a playlist on Sporcle, you need to verify the email address you used during registration. Go to your Sporcle Settings to finish the process.

Report this User

Report this user for behavior that violates our Community Guidelines.

Details: